00352nam a2200109Ia 4500008004100000050002200041245008200063260003200145300001600177980003200193999001700225151021s9999 xx 000 0 und d aHC 865 .K47 2013  a_Nyeri county development profile/ Kenya ministry of devolution and planning  aNairobi Government printer  axvii,133p.  a^d20140317 11:30:36^omwanik c14781d14781